| 000 | 00385nam a2200169 a 4500 | ||
|---|---|---|---|
| 005 | 20140414131916.0 | ||
| 008 | 040201s19uu xx 00 eng d | ||
| 050 |
_aER _bC83 1992 |
||
| 100 | _aFleming, Denise | ||
| 245 | _aCount!. | ||
| 260 |
_aNew York : _bScholastic . |
||
| 300 | _a | ||
| 440 | _a | ||
| 650 | _aFolktales. | ||
| 650 | _aChildren stories. | ||
| 999 |
_c111455 _d111455 |
||